000 00650 a2200193 4500
010 _aENG-85633
020 _a019568393
_c495.00
035 _aEN-69166
037 _bD.B.Act / Pub
082 1 4 _a181.4
090 _c3242
_d3242
245 1 _aReason, morality, and beauty
_bessays on the philosophy of Immanuel Kant
_cedited by Bindu Puri and Heiko Sievers.
260 _aNew Delhi
_bOxford University Press,
_c2007.
300 _axxi, 191 p. ;
_c23 cm.
700 1 _aPuri, Bindu.
700 1 _aSievers, Heiko,
_d1952-
942 _adpl
_cEN
_k181.4 / REA
999 _c3180
_d3180